Hamilton Lyrics Sort #37 - The Reynolds Pamphlet - Statistics

General Stats
  • This quiz has been taken 21 times
  • The average score is 22 of 56
Answer Stats
Hint Answer % Correct
Line 1 The Reynolds Pamphlet [1]
100%
Line 4 And he wrote it down right here
75%
Line 3 Alexander Hamilton had a torrid affair
63%
Line 9 For a considerable time with his knowing consent
63%
Line 7 For purposes of improper speculation
63%
Line 2 Have you read this? [1]
63%
Line 11 I had frequent meetings with her
63%
Line 12 Most of them at my own house
63%
Line 8 My real crime is an amorous connection with his wife
63%
Line 6 The charge against me is in connection with one James Reynolds
63%
Line 13 At his own house? [1]
50%
Line 14 At his own house [2]
50%
Line 17 Being absent on a visit to her father
50%
Line 10 Damn! [1]
50%
Line 15 Damn! [2]
50%
Line 19 Have you read this? [2]
50%
Line 5 Highlights!
50%
Line 16 Mrs. Hamilton, with our children
50%
Line 21 Never gon' be president now [1]
50%
Line 18 No! (Boo)
50%
Line 20 Well, he's never gon' be president now [1]
50%
Line 29 Angelica, all the way from London? Damn!
38%
Line 30 Angelica, thank God
38%
Line 28 I came as soon as I heard (what?)
38%
Line 33 I know my sister like I know my own mind
38%
Line 35 I love my sister more than anything in this life
38%
Line 32 I'm not here for you (ooh!)
38%
Line 36 I will choose her happiness over mine every time
38%
Line 23 Never gon' be president now [3]
38%
Line 24 Never gon' be president now [4]
38%
Line 25 Never gon' be president now [5]
38%
Line 37 Put what we had aside, I'm standing at her side
38%
Line 31 Someone who understands what I'm struggling here to do
38%
Line 26 That's one less thing to worry about [1]
38%
Line 27 That's one less thing to worry about [2]
38%
Line 38 You could never be satisfied, God, I hope you're satisfied
38%
Line 34 You will never find anyone as trusting or as kind
38%
Line 54 Have you read this? [3]
25%
Line 56 His poor wife
25%
Line 49 Never gon' be president now [11]
25%
Line 22 Never gon' be president now [2]
25%
Line 40 Never gon' be president now [6]
25%
Line 41 Never gon' be president now [7]
25%
Line 42 Never gon' be president now [8]
25%
Line 45 That's one less thing to worry about [3]
25%
Line 46 That's one less thing to worry about [4]
25%
Line 52 That's one less thing to worry about [5]
25%
Line 53 The Reynolds Pamphlet [2]
25%
Line 39 Well, he's never gon' be president now [2]
25%
Line 55 You ever somebody ruin their own life? (Own life)
25%
Line 48 At least he was honest with our money (He's never gon' be president now)
13%
Line 51 At least he was honest with our money (That's one less thing to worry about)
13%
Line 47 Hey (he's never gon' be president now) [1]
13%
Line 50 Hey (he's never gon' be president now) [2]
13%
Line 44 Never gon' be president now [10]
13%
Line 43 Never gon' be president now [9]
13%
No matching quizzes found
Score Distribution
Percent of People with Each Score
Percentile by Number Answered
Your Score History
You have not taken this quiz